INSTITUSI PERUBATAN ISLAM Akal Budi Melayu / (Record no. 174813)
[ view plain ]
| 000 -LEADER | |
|---|---|
| fixed length control field | 01252nam a22003131i 4500 |
| 003 - CONTROL NUMBER IDENTIFIER | |
| control field | OSt |
| 005 - DATE AND TIME OF LATEST TRANSACTION | |
| control field | 20191105165639.0 |
| 008 - FIXED-LENGTH DATA ELEMENTS--GENERAL INFORMATION | |
| fixed length control field | 191105t20182018my |||er||||a001 0 eng d |
| 020 ## - INTERNATIONAL STANDARD BOOK NUMBER | |
| International Standard Book Number | 9789674125462 |
| Terms of availability | RM 30.00 |
| Qualifying information | paperback |
| 040 ## - CATALOGING SOURCE | |
| Original cataloging agency | PPAK |
| Language of cataloging | eng |
| Transcribing agency | PPAK |
| Description conventions | rda |
| 082 04 - DEWEY DECIMAL CLASSIFICATION NUMBER | |
| Edition number | 23 |
| Classification number | 297.122861 |
| 090 00 - LOCALLY ASSIGNED LC-TYPE CALL NUMBER (OCLC); LOCAL CALL NUMBER (RLIN) | |
| Classification number (OCLC) (R) ; Classification number, CALL (RLIN) (NR) | 297.122861 |
| Feature heading | INS |
| Feature heading | G |
| 245 10 - TITLE STATEMENT | |
| Title | INSTITUSI PERUBATAN ISLAM Akal Budi Melayu / |
| Statement of responsibility, etc. | disunting oleh Nazri Muslim, Abdul Latif Samian |
| 264 #1 - PRODUCTION, PUBLICATION, DISTRIBUTION, MANUFACTURE, AND COPYRIGHT NOTICE | |
| Place of production, publication, distribution, manufacture | Bangi, Selangor : |
| Name of producer, publisher, distributor, manufacturer | Penerbit Universiti Kebangsaan Malaysia, |
| Date of production, publication, distribution, manufacture, or copyright notice | 2018 |
| Date of production, publication, distribution, manufacture, or copyright notice | ©2018 |
| 300 ## - PHYSICAL DESCRIPTION | |
| Extent | 161 pages ; |
| Dimensions | 23 cm |
| 336 ## - CONTENT TYPE | |
| Source | rdacontent |
| Content type term | text |
| 337 ## - MEDIA TYPE | |
| Source | rdamedia |
| Media type term | unmediated |
| 338 ## - CARRIER TYPE | |
| Source | rdacarrier |
| Carrier type term | volume |
| 500 ## - GENERAL NOTE | |
| General note | Includes index. |
| 504 ## - BIBLIOGRAPHY, ETC. NOTE | |
| Bibliography, etc. note | Bibliography: pages 151-158<br/> |
| 520 ## - SUMMARY, ETC. | |
| Summary, etc. | Provides suggestions for container gardening, wreaths from natural materials, flower arrangements using wild items, and holiday decorations, and considers possibilities for each of the seasons as well as for Christmas time. |
| 650 10 - SUBJECT ADDED ENTRY--TOPICAL TERM | |
| Topical term or geographic name entry element | Medicine |
| General subdivision | Religious aspects |
| -- | Islam |
| Topical term or geographic name entry element | Medicine in the Qur'an |
| Geographic subdivision | Malaysia |
| Topical term or geographic name entry element | Government publications |
| Geographic subdivision | Malaysia |
| 700 1# - ADDED ENTRY--PERSONAL NAME | |
| Personal name | Nazri Muslim, |
| Relator term | editor. |
| Personal name | Abdul Latif Samian, |
| Relator term | author. |
| 942 ## - ADDED ENTRY ELEMENTS (KOHA) | |
| Source of classification or shelving scheme | Dewey Decimal Classification |
| Koha item type | Book |
| Withdrawn | Not for loan | Current library | Shelving location | Date acquired | Full call number | Barcode | Date last seen | Koha item type | Total Checkouts | Date last checked out |
|---|---|---|---|---|---|---|---|---|---|---|
| Perpustakaan Alor Setar | Pinjaman Dewasa | 08/12/2019 | 297.122861 INS | A01620055 | 08/12/2019 | Book | ||||
| Perpustakaan Awam Sungai Petani | Pinjaman Dewasa | 08/12/2019 | 297.122861 INS | A01620056 | 08/12/2019 | Book | ||||
| Perpustakaan Baling | Pinjaman Dewasa | 08/12/2019 | 297.122861 INS | A01620060 | 08/12/2019 | Book | ||||
| Perpustakaan Bandar Baharu | Pinjaman Dewasa | 08/12/2019 | 297.122861 INS | A01620061 | 01/01/2024 | Book | 1 | 24/12/2023 | ||
| Perpustakaan Jitra | Pinjaman Dewasa | 08/12/2019 | 297.122861 INS | A01620057 | 08/12/2019 | Book | ||||
| Perpustakaan Kulim | Pinjaman Dewasa | 08/12/2019 | 297.122861 INS | A01620059 | 29/12/2024 | Book | 2 | 08/12/2024 | ||
| Perpustakaan Langkawi | Pinjaman Dewasa | 08/12/2019 | 297.122861 INS | A01620058 | 08/12/2019 | Book |